书目信息 |
| 题名: |
模糊数学基础及应用
|
|
| 作者: | 阎少宏 , 王宏 编著 | |
| 分册: | ||
| 出版信息: | 北京 化学工业出版社 2018 |
|
| 页数: | 142页 | |
| 开本: | 26cm | |
| 丛书名: | ||
| 单 册: | ||
| 中图分类: | O159 | |
| 科图分类: | ||
| 主题词: | 模糊数学--mo hu shu xue | |
| 电子资源: | ||
| ISBN: | 978-7-122-30809-2 | |
| 000 | 00842nam0 2200277 450 | |
| 001 | 012001001018 | |
| 005 | 20140107105246.0 | |
| 010 | @a978-7-122-30809-2@dCNY39.80 | |
| 099 | @aCAL 012018013341 | |
| 100 | @a20180208d2018 em y0chiy50 ea | |
| 101 | 0 | @achi |
| 102 | @aCN@b110000 | |
| 105 | @aak a 000yy | |
| 106 | @ar | |
| 200 | 1 | @a模糊数学基础及应用@Amo hu shu xue ji chu ji ying yong@f阎少宏, 王宏编著 |
| 210 | @a北京@c化学工业出版社@d2018 | |
| 215 | @a142页@c图@d26cm | |
| 300 | @a河北省重点学科资助 | |
| 320 | @a有书目 | |
| 330 | @a本书阐述了涉及模糊数学各研究领域的基本概念、基本方法及其具体应用实例。 | |
| 606 | 0 | @a模糊数学@Amo hu shu xue |
| 690 | @aO159@v5 | |
| 701 | 0 | @a阎少宏@Ayan shao hong@4编著 |
| 701 | 0 | @a王宏@Awang hong@4编著 |
| 801 | 0 | @aCN@b北京卓展文化@c20191020 |
| 905 | @b1201313-4@dO159@e109@f2 | |
| 模糊数学基础及应用/阎少宏, 王宏编著.-北京:化学工业出版社,2018 |
| 142页:图;26cm |
| 河北省重点学科资助 |
| ISBN 978-7-122-30809-2:CNY39.80 |
| 本书阐述了涉及模糊数学各研究领域的基本概念、基本方法及其具体应用实例。 |
| ● |
| 相关链接 |
|
|
|
|
正题名:模糊数学基础及应用
索取号:O159/109
 
预约/预借
| 序号 | 登录号 | 条形码 | 馆藏地/架位号 | 状态 | 备注 |
| 1 | 1201313 | 212013131 | 第二样本阅览室/ [索取号:O159/109] | 在馆 | |
| 2 | 1201314 | 212013140 | 第三借阅区/ [索取号:O159/109] | 在馆 |